| 000 | 00761nam a2200241Ia 4500 | ||
|---|---|---|---|
| 999 |
_c37042 _d37042 |
||
| 003 | GCL | ||
| 005 | 20240530103128.0 | ||
| 008 | 140319s9999 xx 000 0 ara d | ||
| 040 |
_aGCL / _cGCL |
||
| 082 | 0 | 4 |
_a155 _bم م |
| 100 | 1 | _aمحمد عبدالقادر عبدالغفار | |
| 245 | 1 | 0 |
_aالمدخل لعلم النفس الفارق / _cمحمد عبدالقادر عبدالغفار |
| 260 |
_a[S.N] : _bدار النهضة العربية |
||
| 300 | _a382 ص | ||
| 650 | 0 | 4 | _aعلم النفس |
| 650 | 0 | 4 | _aالشخصية |
| 650 | 0 | 4 | _aعلم نفس الطفل |
| 650 | 0 | 4 | _aعلم نفس النمو |
| 650 | 0 | 4 | _aالفروق الفردية |
| 650 | 0 | 4 | _aالسيكولوجى |
| 650 | 0 | 4 | _aالسيكوفيزيقا |
| 942 |
_2ddc _cBK |
||